[Event "Lignano Bella Italia op 1st"]
[Site "Lignano Sabbiadoro"]
[Date "2022.08.20"]
[Round "5"]
[White "Cappelletto, Joshuaede"]
[Black "Etxagibel Larranaga, Asier"]
[Result "1-0"]
[WhiteElo "2266"]
[BlackElo "2118"]
[PlyCount "61"]
[EventDate "2022.08.18"]
[EventType "swiss"]
[EventRounds "9"]
[EventCountry "ITA"]
[SourceTitle "CBM 210 Extra"]
[Source "ChessBase"]
[SourceDate "2022.11.30"]
[SourceVersion "1"]
[SourceVersionDate "2022.11.30"]
[SourceQuality "1"]

1. e4 c6 2. d4 d5 3. e5 Bf5 4. h4 h5 5. c4 e6 6. Nc3 Ne7 7. Nge2 Nd7 8. Ng3 Bg6 9. cxd5 Nxd5 10. Be2 Be7 11. Nxd5 cxd5 12. Bxh5 Bxh5 13. Nxh5 g6 14. Nf4 Rxh4 15. Rxh4 Bxh4 16. Qd3 Nf8 17. Kf1 Rc8 18. g3 Bg5 19. Kg2 Qb6 20. Nxd5 exd5 21. Bxg5 Ne6 22. Bf6 Rc4 23. Qa3 Rb4 24. Rh1 a5 25. Rh8+ Kd7 26. b3 Qxd4 27. Qc1 Qc5 28. Qh6 Qc2 29. Rh7 Nf4+ 30. gxf4 Qe4+ 31. Kh2 1-0

[Event "Lignano Bella Italia op 1st"]
[Site "Lignano Sabbiadoro"]
[Date "2022.08.20"]
[Round "6"]
[White "Etxagibel Larranaga, Asier"]
[Black "Titze, Leo"]
[Result "1/2-1/2"]
[WhiteElo "2118"]
[BlackElo "2071"]
[PlyCount "48"]
[EventDate "2022.08.18"]
[EventType "swiss"]
[EventRounds "9"]
[EventCountry "ITA"]
[SourceTitle "CBM 210 Extra"]
[Source "ChessBase"]
[SourceDate "2022.11.30"]
[SourceVersion "1"]
[SourceVersionDate "2022.11.30"]
[SourceQuality "1"]

1. c4 c5 2. g3 g6 3. Bg2 Bg7 4. Nc3 Nc6 5. e3 e6 6. Nge2 Nge7 7. 0-0 0-0 8. d4 d6 9. b3 b6 10. Bb2 Bb7 11. Qd2 cxd4 12. Nxd4 Qd7 13. Nxc6 Bxc6 14. Ne4 Bxe4 15. Bxe4 Bxb2 16. Qxb2 Rac8 17. Rfd1 Rfd8 18. Rd2 Qc7 19. Rad1 Rd7 20. h4 Qc5 21. Bf3 h5 22. Qf6 Rcd8 23. g4 hxg4 24. Bxg4 Nf5 1/2-1/2

[Event "Riga Tech op 8th"]
[Site "Riga"]
[Date "2018.08.06"]
[Round "1"]
[White "Korchmar, Vasiliy"]
[Black "Etxagibel Larranaga, Asier"]
[Result "1-0"]
[WhiteElo "2415"]
[BlackElo "2134"]
[PlyCount "99"]
[EventDate "2018.08.06"]
[EventType "swiss"]
[EventRounds "9"]
[EventCountry "LAT"]
[SourceTitle "CBM 185 Extra"]
[Source "ChessBase"]
[SourceDate "2018.07.29"]
[SourceVersion "1"]
[SourceVersionDate "2018.07.29"]
[SourceQuality "1"]

1. d4 d5 2. c4 c6 3. Nf3 Nf6 4. g3 dxc4 5. Bg2 b5 6. Ne5 Bb7 7. 0-0 e6 8. b3 cxb3 9. axb3 Bd6 10. Nc3 Qc7 11. Qc2 a6 12. Nd3 Nbd7 13. Ne4 Nxe4 14. Bxe4 Rc8 15. b4 0-0 16. Bb2 h6 17. Rfc1 Nb6 18. Nc5 Nc4 19. Bc3 Qe7 20. Bh7+ Kh8 21. Bd3 Nb6 22. e4 Bxc5 23. dxc5 Nd7 24. e5 Rfd8 25. Rd1 Nf8 26. Bb2 Rd7 27. Be4 Rd5 28. Bxd5 cxd5 29. Bd4 Nd7 30. Qd2 Nb8 31. f4 Nc6 32. Rf1 Kg8 33. Rf3 Rf8 34. Re1 Ra8 35. Ra1 Qc7 36. g4 a5 37. bxa5 Rxa5 38. Rxa5 Nxa5 39. f5 Nc4 40. Qf4 Bc8 41. f6 g5 42. Qg3 Qa5 43. h4 Nd2 44. Ra3 Qb4 45. Qd3 Nf3+ 46. Qxf3 Qxd4+ 47. Kg2 Bb7 48. hxg5 hxg5 49. Ra7 Bc6 50. Rc7 1-0

[Event "Mondragon op 13th"]
[Site "Mondragon"]
[Date "2013.12.29"]
[Round "5"]
[White "Etxagibel Larranaga, Asier"]
[Black "Montolio Benedicto, Cesar"]
[Result "1-0"]
[WhiteElo "2165"]
[BlackElo "1950"]
[PlyCount "35"]
[EventDate "2013.12.26"]
[EventType "swiss"]
[EventRounds "6"]
[EventCountry "ESP"]
[SourceTitle "CBM 158 Extra"]
[Source "ChessBase"]
[SourceDate "2014.02.28"]
[SourceVersion "1"]
[SourceVersionDate "2014.02.28"]
[SourceQuality "1"]

1. d4 Nf6 2. Bg5 e6 3. e3 c5 4. c3 cxd4 5. exd4 d5 6. Bd3 Be7 7. Nf3 Nc6 8. Nbd2 h6 9. Bxf6 Bxf6 10. Qe2 0-0 11. 0-0-0 Bd7 12. g4 a6 13. h4 b5 14. g5 hxg5 15. hxg5 Bxg5 16. Nxg5 Qxg5 17. Rdg1 Qf6 18. Qh5 1-0

[Event "Mondragon op 13th"]
[Site "Mondragon"]
[Date "2013.12.28"]
[Round "4"]
[White "Mate Adan, Carlos"]
[Black "Etxagibel Larranaga, Asier"]
[Result "1-0"]
[WhiteElo "2265"]
[BlackElo "2165"]
[PlyCount "91"]
[EventDate "2013.12.26"]
[EventType "swiss"]
[EventRounds "6"]
[EventCountry "ESP"]
[SourceTitle "CBM 158 Extra"]
[Source "ChessBase"]
[SourceDate "2014.02.28"]
[SourceVersion "1"]
[SourceVersionDate "2014.02.28"]
[SourceQuality "1"]

1. e4 c5 2. g3 g6 3. Bg2 Bg7 4. d3 Nc6 5. f4 d6 6. Nf3 e6 7. 0-0 Nge7 8. c3 0-0 9. Be3 b6 10. Na3 Bb7 11. Qd2 Qd7 12. Rfe1 Rfd8 13. Bf2 e5 14. d4 cxd4 15. cxd4 Rac8 16. fxe5 dxe5 17. d5 Nb8 18. b3 Ba6 19. Rac1 Rxc1 20. Rxc1 Nc8 21. Ne1 Nd6 22. Nd3 Rc8 23. Nb4 Bb7 24. Rc3 Na6 25. Nxa6 Bxa6 26. Nc2 f5 27. exf5 Qxf5 28. Rxc8+ Qxc8 29. Nb4 Bb7 30. Nc6 Bf8 31. Nxe5 Qf5 32. Qe1 Bc8 33. Nc6 Qc2 34. Ne7+ Bxe7 35. Qxe7 Nf5 36. Qe8+ Kg7 37. Qe5+ Kg8 38. h3 Ba6 39. g4 Qd1+ 40. Kh2 Qd2 41. Be1 Qe3 42. Qb8+ Kf7 43. gxf5 Qxe1 44. Qxa7+ Bb7 45. Qxb7+ Kg8 46. Qb8+ 1-0

[Event "Donostia Spring op 09th"]
[Site "Donostia"]
[Date "2013.05.18"]
[Round "6"]
[White "Argandona Riveiro, Inigo"]
[Black "Etxagibel Larranaga, Asier"]
[Result "1-0"]
[WhiteElo "2416"]
[BlackElo "2124"]
[PlyCount "45"]
[EventDate "2013.04.19"]
[EventType "swiss"]
[EventRounds "8"]
[EventCountry "ESP"]
[SourceTitle "EXT 2024"]
[Source "ChessBase"]
[SourceDate "2023.10.10"]
[SourceVersion "1"]
[SourceVersionDate "2023.10.10"]
[SourceQuality "1"]

1. e4 c5 2. Nf3 Nc6 3. d4 cxd4 4. Nxd4 e5 5. Nb5 d6 6. N1c3 a6 7. Na3 b5 8. Nd5 Nge7 9. c4 Nd4 10. Be3 Nxd5 11. cxd5 Be7 12. Bd3 0-0 13. 0-0 Bd7 14. Qd2 Bf6 15. Rac1 g6 16. Nc2 Nxc2 17. Rxc2 Qb8 18. Rfc1 Rc8 19. Rxc8+ Bxc8 20. Qa5 Kf8 21. Bb6 Be7 22. Bc7 Qb7 23. Bxd6 1-0

[Event "Donostia Spring op 09th"]
[Site "Donostia"]
[Date "2013.04.27"]
[Round "3"]
[White "Etxagibel Larranaga, Asier"]
[Black "Sanchez Ruesga, Hector"]
[Result "1-0"]
[WhiteElo "2124"]
[BlackElo "1989"]
[PlyCount "79"]
[EventDate "2013.04.19"]
[EventType "swiss"]
[EventRounds "8"]
[EventCountry "ESP"]
[SourceTitle "EXT 2024"]
[Source "ChessBase"]
[SourceDate "2023.10.10"]
[SourceVersion "1"]
[SourceVersionDate "2023.10.10"]
[SourceQuality "1"]

1. d4 Nf6 2. Bg5 e6 3. e3 d5 4. Bd3 Nbd7 5. Nd2 c5 6. c3 Be7 7. f4 b6 8. Ngf3 Bb7 9. 0-0 Ne4 10. Bxe7 Qxe7 11. Qc2 f5 12. Ne5 0-0 13. Ndf3 Ndf6 14. Qe2 Rac8 15. Nd2 Bc6 16. Rf3 Be8 17. Rh3 Nxd2 18. Qxd2 Bh5 19. Rg3 Bg4 20. Nxg4 Nxg4 21. Rf3 c4 22. Bc2 b5 23. Rff1 Rb8 24. b3 Qa3 25. b4 Rb6 26. Bd1 Nf6 27. Bf3 Nd7 28. g4 g6 29. gxf5 gxf5 30. Kh1 Kh8 31. Rg1 Nb8 32. Rg3 Nd7 33. Rag1 Nf6 34. Qg2 Rbb8 35. Qh3 Rf7 36. Bh5 Rd7 37. Qh4 Nxh5 38. Qxh5 Qa6 39. Qh6 Rf7 40. Rg7 1-0

[Event "San Sebastian op 36th"]
[Site "San Sebastian"]
[Date "2013.03.30"]
[Round "9"]
[White "Gagarin, Vasilij"]
[Black "Etxagibel Larranaga, Asier"]
[Result "1-0"]
[WhiteElo "2321"]
[BlackElo "2110"]
[PlyCount "75"]
[EventDate "2013.03.23"]
[EventType "swiss"]
[EventRounds "9"]
[EventCountry "ESP"]
[SourceTitle "CBM 153 Extra"]
[Source "ChessBase"]
[SourceDate "2013.04.22"]
[SourceVersion "1"]
[SourceVersionDate "2013.04.22"]
[SourceQuality "1"]

1. Nf3 Nf6 2. g3 d5 3. Bg2 e6 4. 0-0 Be7 5. c4 c6 6. d4 b5 7. b3 0-0 8. Nbd2 Bb7 9. Qc2 Nbd7 10. Rd1 Qb6 11. c5 Qc7 12. e4 dxe4 13. Nxe4 Nxe4 14. Qxe4 Nf6 15. Qc2 Nd5 16. Bg5 Bxg5 17. Nxg5 Nf6 18. Nf3 Rad8 19. Re1 Bc8 20. Rad1 Rfe8 21. Ne5 Nd5 22. Be4 g6 23. h4 Re7 24. Kg2 Bd7 25. h5 Be8 26. hxg6 hxg6 27. Qd2 f5 28. Bf3 Rh7 29. Nd3 Bf7 30. Bxd5 exd5 31. Rh1 Be8 32. Ne5 Rb8 33. Rxh7 Qxh7 34. Rh1 Qe7 35. Qh6 Qg7 36. Qg5 Rb7 37. Qd8 Qe7 38. Rh8+ 1-0

[Event "San Sebastian op 36th"]
[Site "San Sebastian"]
[Date "2013.03.29"]
[Round "8"]
[White "Etxagibel Larranaga, Asier"]
[Black "Sanz Rodero, Mikel"]
[Result "1/2-1/2"]
[WhiteElo "2110"]
[BlackElo "2110"]
[PlyCount "27"]
[EventDate "2013.03.23"]
[EventType "swiss"]
[EventRounds "9"]
[EventCountry "ESP"]
[SourceTitle "CBM 153 Extra"]
[Source "ChessBase"]
[SourceDate "2013.04.22"]
[SourceVersion "1"]
[SourceVersionDate "2013.04.22"]
[SourceQuality "1"]

1. d4 e6 2. e4 b6 3. Bd3 Bb7 4. Nf3 Nf6 5. Qe2 c5 6. c3 Be7 7. 0-0 Nc6 8. Bg5 cxd4 9. Nxd4 0-0 10. Nd2 d6 11. N2f3 Nd7 12. Nxc6 Bxc6 13. Bd2 Bb7 14. Nd4 1/2-1/2

[Event "San Sebastian op 36th"]
[Site "San Sebastian"]
[Date "2013.03.26"]
[Round "5"]
[White "Argandona Riveiro, Inigo"]
[Black "Etxagibel Larranaga, Asier"]
[Result "0-1"]
[WhiteElo "2421"]
[BlackElo "2110"]
[PlyCount "82"]
[EventDate "2013.03.23"]
[EventType "swiss"]
[EventRounds "9"]
[EventCountry "ESP"]
[SourceTitle "CBM 153 Extra"]
[Source "ChessBase"]
[SourceDate "2013.04.22"]
[SourceVersion "1"]
[SourceVersionDate "2013.04.22"]
[SourceQuality "1"]

1. c4 Nf6 2. Nc3 c6 3. d4 d5 4. Nf3 a6 5. c5 Bg4 6. Ne5 Bf5 7. Bf4 g6 8. e3 Bg7 9. Be2 0-0 10. h3 Nfd7 11. Nf3 f6 12. Qb3 e5 13. Bg3 Ra7 14. 0-0 Kh8 15. Rad1 e4 16. Nh4 Be6 17. Nxe4 g5 18. Nf3 dxe4 19. Qxe6 exf3 20. Bxf3 Re8 21. Qg4 Qe7 22. Bd6 Qf7 23. Be4 Nf8 24. Bf5 Nbd7 25. e4 b6 26. b4 bxc5 27. bxc5 Ng6 28. g3 Bf8 29. Rc1 a5 30. Rc2 Nb8 31. Bxb8 Rxb8 32. Be6 Qg7 33. f4 gxf4 34. gxf4 f5 35. exf5 Qxd4+ 36. Kh1 Rg7 37. Rc4 Qd3 38. Qf3 Qxf3+ 39. Rxf3 Rb1+ 40. Kh2 Nh4 41. Rf2 Rb2 0-1

[Event "Euskadi-chTB"]
[Site "Bergara"]
[Date "2013.02.02"]
[Round "4.2"]
[White "Etxagibel Larranaga, Asier"]
[Black "Zabala Perez, Aritz"]
[Result "1-0"]
[WhiteElo "2094"]
[BlackElo "1937"]
[PlyCount "59"]
[EventDate "2013.01.12"]
[EventType "team-tourn"]
[EventRounds "9"]
[EventCountry "ESP"]
[SourceTitle "EXT 2014"]
[Source "ChessBase"]
[SourceDate "2013.11.20"]
[SourceVersion "1"]
[SourceVersionDate "2013.11.20"]
[SourceQuality "1"]

1. d4 e6 2. Nf3 Nf6 3. g3 b6 4. Bg2 Bb7 5. 0-0 c5 6. c3 Be7 7. Bf4 0-0 8. Re1 d5 9. Nbd2 Nc6 10. Qa4 Qd7 11. Qb3 Rac8 12. Ne5 Nxe5 13. dxe5 Ne8 14. Rad1 Rd8 15. e4 Qc8 16. exd5 Bxd5 17. Bxd5 Rxd5 18. Ne4 Nc7 19. Qa4 Qa8 20. Nf6+ gxf6 21. exf6 Bxf6 22. Bxc7 Qb7 23. Rxd5 Qxd5 24. Rd1 Qb7 25. Qg4+ Kh8 26. Qf4 Kg7 27. Rd7 Qa6 28. Bd6 Re8 29. Be5 Bxe5 30. Qxf7+ 1-0

[Event "Donostia Gipuzkoa-ch"]
[Site "San Sebastian"]
[Date "2012.11.10"]
[Round "4"]
[White "Nogues Fernandez, Ramon"]
[Black "Etxagibel Larranaga, Asier"]
[Result "0-1"]
[WhiteElo "1903"]
[BlackElo "2077"]
[PlyCount "64"]
[EventDate "2012.10.20"]
[EventType "swiss"]
[EventRounds "7"]
[EventCountry "ESP"]
[SourceTitle "EXT 2014"]
[Source "ChessBase"]
[SourceDate "2013.11.20"]
[SourceVersion "1"]
[SourceVersionDate "2013.11.20"]
[SourceQuality "1"]

1. Nf3 d5 2. d4 Nf6 3. c4 c6 4. Qc2 e6 5. g3 Be7 6. Bg2 0-0 7. 0-0 a6 8. Nbd2 Nbd7 9. e4 b6 10. e5 Ne8 11. b3 Bb7 12. Bb2 Rc8 13. Rfd1 Qc7 14. Rac1 Qb8 15. Qd3 Nc7 16. h4 h6 17. Nf1 c5 18. Ne3 dxc4 19. Nxc4 Nd5 20. Qe2 b5 21. Ncd2 cxd4 22. Bxd4 Rxc1 23. Rxc1 Rc8 24. Rxc8+ Qxc8 25. Ne4 Qc1+ 26. Kh2 Nb4 27. Bb2 Qb1 28. Ne1 Bxe4 29. Bxe4 Qxa2 30. f4 Qxb3 31. f5 Nc5 32. Bb1 Na4 0-1

[Event "San Sebastian Primavera de Gros op 8th"]
[Site "San Sebastian"]
[Date "2012.05.19"]
[Round "5"]
[White "Fuente San Sebastian, Ernesto"]
[Black "Etxagibel Larranaga, Asier"]
[Result "0-1"]
[WhiteElo "1906"]
[BlackElo "2026"]
[PlyCount "88"]
[EventDate "2012.04.21"]
[EventType "swiss"]
[EventRounds "7"]
[EventCountry "ESP"]
[SourceTitle "EXT 2014"]
[Source "ChessBase"]
[SourceDate "2013.11.20"]
[SourceVersion "1"]
[SourceVersionDate "2013.11.20"]
[SourceQuality "1"]

1. c4 Nf6 2. Nc3 c5 3. g3 g6 4. Bg2 Bg7 5. Nf3 Nc6 6. d3 0-0 7. 0-0 Rb8 8. Bf4 d6 9. Qd2 Re8 10. Bh6 Bh8 11. h3 Bd7 12. Kh2 a6 13. Rad1 b5 14. Ng5 bxc4 15. dxc4 Ne5 16. b3 Neg4+ 17. hxg4 Nxg4+ 18. Kg1 Nxh6 19. Nce4 Qc8 20. Nf3 Bg7 21. Nc3 Nf5 22. Nd5 Nd4 23. Kh2 Nc6 24. Rh1 Nb4 25. Ng5 h6 26. Nf3 a5 27. Kg1 Nxd5 28. Qxd5 a4 29. Nh4 Be6 30. Qd3 axb3 31. axb3 Qd7 32. Be4 Rf8 33. Kg2 Rb6 34. f3 Rfb8 35. Rb1 f5 36. Bd5 Bxd5 37. cxd5 Qe8 38. g4 fxg4 39. Nxg6 Rb4 40. Qf5 gxf3+ 41. exf3 Qf7 42. Qd3 Rd4 43. Qc2 Rxd5 44. Rbe1 Rg5+ 0-1

[Event "San Sebastian Primavera de Gros op 8th"]
[Site "San Sebastian"]
[Date "2012.05.05"]
[Round "3"]
[White "Ezkerro Hernandez, Pablo"]
[Black "Etxagibel Larranaga, Asier"]
[Result "0-1"]
[WhiteElo "1693"]
[BlackElo "2026"]
[PlyCount "42"]
[EventDate "2012.04.21"]
[EventType "swiss"]
[EventRounds "7"]
[EventCountry "ESP"]
[SourceTitle "EXT 2014"]
[Source "ChessBase"]
[SourceDate "2013.11.20"]
[SourceVersion "1"]
[SourceVersionDate "2013.11.20"]
[SourceQuality "1"]

1. e4 c5 2. Nf3 Nc6 3. d4 cxd4 4. Nxd4 e5 5. Nb5 d6 6. N1c3 a6 7. Na3 b5 8. Nd5 Nge7 9. c4 Nd4 10. Be3 Nxd5 11. cxd5 Be7 12. Bxd4 exd4 13. Nc2 Bf6 14. Qd2 0-0 15. Nxd4 Re8 16. f3 Be5 17. Rd1 f5 18. Qf2 Qa5+ 19. Rd2 Bf4 20. Nb3 Bxd2+ 21. Nxd2 fxe4 0-1

[Event "San Sebastian Primavera de Gros op 8th"]
[Site "San Sebastian"]
[Date "2012.04.28"]
[Round "2"]
[White "Etxagibel Larranaga, Asier"]
[Black "Iglesias Gonzalez, Veronica"]
[Result "0-1"]
[WhiteElo "2026"]
[BlackElo "1768"]
[PlyCount "104"]
[EventDate "2012.04.21"]
[EventType "swiss"]
[EventRounds "7"]
[EventCountry "ESP"]
[SourceTitle "EXT 2014"]
[Source "ChessBase"]
[SourceDate "2013.11.20"]
[SourceVersion "1"]
[SourceVersionDate "2013.11.20"]
[SourceQuality "1"]

1. d4 d5 2. Nf3 Nf6 3. Bf4 e6 4. e3 c5 5. c3 cxd4 6. exd4 Nc6 7. Bd3 Bd6 8. Bg3 Ne4 9. Nbd2 Nxg3 10. hxg3 h6 11. Qe2 Qb6 12. Rb1 Bd7 13. Qe3 0-0-0 14. 0-0 f6 15. c4 e5 16. cxd5 exd4 17. Qe1 Nb4 18. Bc4 Kb8 19. a3 Nc2 20. Qe4 Ne3 21. fxe3 dxe3 22. Nb3 e2+ 23. Rf2 Bxg3 24. Qd4 Bf5 25. Qxb6 axb6 26. Re1 b5 27. Bxb5 Rxd5 28. Bxe2 Bg4 29. Rd1 Bxf2+ 30. Kxf2 Rxd1 31. Bxd1 Rd8 32. Be2 Rd6 33. a4 Be6 34. Nbd4 Bd5 35. Ke3 Rb6 36. Nb5 Re6+ 37. Kd3 Bc4+ 38. Kxc4 Rxe2 39. b4 Rxg2 40. Nd6 h5 41. Kb5 Rg4 42. Ne8 Rf4 43. Ng1 h4 44. Nxg7 Rg4 45. Nf3 Rxg7 46. Nxh4 Rg4 47. Nf3 f5 48. Kc5 Re4 49. Nd4 f4 50. Kd5 Re3 51. Nf5 Ra3 52. Ke4 f3 0-1

[Event "Gipuzkoa-ch"]
[Site "San Sebastian"]
[Date "2011.11.12"]
[Round "6"]
[White "Irure Crespo, Egoitz"]
[Black "Etxagibel Larranaga, Asier"]
[Result "0-1"]
[WhiteElo "1993"]
[BlackElo "2029"]
[PlyCount "44"]
[EventDate "2011.10.08"]
[EventType "swiss"]
[EventRounds "7"]
[EventCountry "ESP"]
[SourceTitle "EXT 2024"]
[Source "ChessBase"]
[SourceDate "2023.10.10"]
[SourceVersion "1"]
[SourceVersionDate "2023.10.10"]
[SourceQuality "1"]

1. d4 d5 2. Nf3 Nf6 3. c4 c6 4. cxd5 cxd5 5. Nc3 e6 6. Bf4 a6 7. e3 b5 8. a3 Bb7 9. Ne5 Nbd7 10. Be2 Be7 11. 0-0 0-0 12. b4 Rc8 13. Qb3 Nxe5 14. Bxe5 Nd7 15. Rac1 Nxe5 16. dxe5 Qb6 17. Bf3 Rc4 18. Be2 Rcc8 19. Na2 d4 20. Rxc8 Rxc8 21. Rc1 Rxc1+ 22. Nxc1 Qc6 0-1

[Event "Arrasate Hiria op 11th"]
[Site "Arrasate"]
[Date "2011.11.04"]
[Round "4.3"]
[White "Etxagibel Larranaga, Asier"]
[Black "Miguelez Garcia, Erlantz"]
[Result "1/2-1/2"]
[WhiteElo "2029"]
[BlackElo "2009"]
[PlyCount "121"]
[EventDate "2011.10.14"]
[EventType "swiss"]
[EventRounds "6"]
[EventCountry "ESP"]
[SourceTitle "EXT 2024"]
[Source "ChessBase"]
[SourceDate "2023.10.10"]
[SourceVersion "1"]
[SourceVersionDate "2023.10.10"]
[SourceQuality "1"]

1. d4 Nf6 2. Bg5 e6 3. e3 d5 4. Bd3 Nbd7 5. Nf3 c5 6. c3 Qc7 7. Nbd2 Bd6 8. Qc2 a6 9. 0-0 Ng4 10. h3 h6 11. Bh4 Nh2 12. Nxh2 Bxh2+ 13. Kh1 Bd6 14. f4 cxd4 15. cxd4 Qxc2 16. Bxc2 Nb6 17. f5 0-0 18. fxe6 fxe6 19. Rxf8+ Bxf8 20. Bd8 Nc4 21. Nxc4 dxc4 22. Bb6 Bd7 23. Rc1 Bd6 24. Be4 Rf8 25. Bf3 Bb5 26. Kg1 Rc8 27. b3 Ba3 28. Rc2 c3 29. Ba5 b6 30. Bg4 Rc6 31. Bf3 bxa5 32. Bxc6 Bxc6 33. Rxc3 Be4 34. Kf2 Kh7 35. g3 Kg6 36. Rc7 Kf6 37. Ra7 Bd3 38. Kf3 Bb2 39. Rc7 h5 40. Rc5 g6 41. Rxa5 Bc3 42. Rc5 Bb4 43. Re5 Bb1 44. a3 Bd2 45. Rc5 Bd3 46. Rc8 h4 47. gxh4 Be1 48. b4 Bxh4 49. e4 Bg5 50. Rc6 Bb5 51. Rb6 Kf7 52. d5 exd5 53. exd5 Bd3 54. a4 Bd8 55. Rb7+ Kf6 56. b5 axb5 57. axb5 Ke5 58. Rd7 Bb6 59. h4 Be4+ 60. Kg3 Bxd5 61. h5 1/2-1/2

[Event "Gipuzkoa-ch"]
[Site "San Sebastian"]
[Date "2011.10.08"]
[Round "1"]
[White "Etxagibel Larranaga, Asier"]
[Black "Goni Garmendia, Aitor"]
[Result "1-0"]
[WhiteElo "2029"]
[BlackElo "1811"]
[PlyCount "79"]
[EventDate "2011.10.08"]
[EventType "swiss"]
[EventRounds "7"]
[EventCountry "ESP"]
[SourceTitle "EXT 2024"]
[Source "ChessBase"]
[SourceDate "2023.10.10"]
[SourceVersion "1"]
[SourceVersionDate "2023.10.10"]
[SourceQuality "1"]

1. Nf3 d5 2. d4 Nf6 3. c4 e6 4. g3 Be7 5. Bg2 0-0 6. 0-0 c5 7. cxd5 exd5 8. Nc3 Bf5 9. dxc5 Bxc5 10. Bg5 Be4 11. Qb3 Qb6 12. Bxf6 Qxb3 13. axb3 gxf6 14. Nxe4 dxe4 15. Ne1 Re8 16. Ra4 f5 17. Bh3 Re5 18. Ng2 Nc6 19. Rd1 Rd8 20. Rxd8+ Nxd8 21. e3 Nc6 22. Nf4 Kg7 23. Bg2 Bb4 24. Bh3 Rc5 25. Ra1 a5 26. Rd1 Ne5 27. Kg2 Nf3 28. Nd5 Bd2 29. Nc3 b5 30. Nb1 Bc1 31. Bxf5 Rxf5 32. Rxc1 Rd5 33. Nc3 Rc5 34. Ra1 Nd2 35. Rxa5 Nxb3 36. Rxb5 Rxb5 37. Nxb5 f5 38. Nd4 Nxd4 39. exd4 Kf6 40. Kf1 1-0

[Event "Vlissingen HZ op 15th"]
[Site "Vlissingen"]
[Date "2011.08.05"]
[Round "8"]
[White "Smits, Sebastiaan"]
[Black "Etxagibel Larranaga, Asier"]
[Result "1-0"]
[WhiteElo "2180"]
[BlackElo "2017"]
[PlyCount "103"]
[EventDate "2011.07.30"]
[EventType "swiss"]
[EventRounds "9"]
[EventCountry "NED"]
[SourceTitle "CBM 143 Extra"]
[Source "ChessBase"]
[SourceDate "2011.08.29"]
[SourceVersion "1"]
[SourceVersionDate "2011.08.29"]
[SourceQuality "1"]

1. e4 c5 2. d3 e6 3. g3 g6 4. Bg2 Bg7 5. f4 d6 6. Nf3 Ne7 7. 0-0 0-0 8. c3 Nbc6 9. Be3 b6 10. Bf2 Ba6 11. Re1 Qc7 12. Qd2 Rad8 13. Na3 h6 14. d4 e5 15. d5 Nb8 16. Nh4 Bc8 17. Nb5 Qd7 18. c4 a6 19. Nc3 Qe8 20. f5 gxf5 21. Be3 fxe4 22. Bxh6 Nf5 23. Nxf5 Bxf5 24. Bxe4 Bxe4 25. Rxe4 f5 26. Qg5 Rd7 27. Rh4 Qf7 28. Rf1 Qf6 29. Qh5 Bxh6 30. Qxh6 Qxh6 31. Rxh6 Kg7 32. Re6 Rf6 33. Ne4 Rxe6 34. dxe6 Re7 35. Nxd6 Rxe6 36. Nxf5+ Kg6 37. Ne3 Nc6 38. Nd5 Nd4 39. Rf8 Kg7 40. Rb8 b5 41. b3 e4 42. Rb7+ Kf8 43. Rb6 Re5 44. Kf2 bxc4 45. bxc4 Nc2 46. Ne3 Nb4 47. a3 Nd3+ 48. Ke2 a5 49. Ra6 Re7 50. Ra8+ Kf7 51. Rxa5 Kg6 52. Ra6+ 1-0

[Event "Vlissingen HZ op 15th"]
[Site "Vlissingen"]
[Date "2011.08.04"]
[Round "7"]
[White "Etxagibel Larranaga, Asier"]
[Black "De Jong, Migchiel"]
[Result "1-0"]
[WhiteElo "2017"]
[BlackElo "2376"]
[PlyCount "71"]
[EventDate "2011.07.30"]
[EventType "swiss"]
[EventRounds "9"]
[EventCountry "NED"]
[SourceTitle "CBM 143 Extra"]
[Source "ChessBase"]
[SourceDate "2011.08.29"]
[SourceVersion "1"]
[SourceVersionDate "2011.08.29"]
[SourceQuality "1"]

1. d4 Nf6 2. Bg5 e6 3. e3 c5 4. c3 cxd4 5. exd4 Be7 6. Nd2 b6 7. Bd3 Bb7 8. Ngf3 d6 9. Bxf6 Bxf6 10. Qe2 a6 11. h4 Nd7 12. g4 h6 13. 0-0-0 Be7 14. g5 Nf8 15. Rhg1 hxg5 16. hxg5 g6 17. Kb1 b5 18. Rh1 Rxh1 19. Rxh1 Qb6 20. Rh4 Rc8 21. Rh8 Qc7 22. a3 Bd5 23. Ne4 Bxe4 24. Bxe4 d5 25. Bd3 Rb8 26. Ne5 Bxg5 27. Nxg6 fxg6 28. Qxe6+ Qe7 29. Bxg6+ Kd8 30. Rxf8+ Qxf8 31. Qxd5+ Kc7 32. Qxg5 Qxf2 33. Qc5+ Kd7 34. Bf5+ Ke8 35. Qe5+ Kf7 36. Qe6+ 1-0